| 000 | 00000nam 2200000za 4500 |
| 001 | 9.692071 |
| 003 | CaOODSP |
| 005 | 20210624233043 |
| 007 | cr ||||||||||| |
| 008 | 150407s2005 onc|||||o f|0| 0 eng d |
| 040 | |aCaOODSP|beng |
| 043 | |an-cn--- |
| 086 | 1 |aA118-10/3-2005E-PDF |
| 110 | 1 |aCanada.|bAgriculture and Agri-Food Canada. |bPest Management Centre. |
| 245 | 10|aCrop profile for field pea in Canada |h[electronic resource] / |cprepared by Pesticide Risk Reduction Program. |
| 260 | |aOttawa : |bAgriculture and Agri-Food Canada, |cFebruary 2005. |
| 300 | |a29 p. : |btables. |
| 590 | |a09-07-Supp|b2009-08-17 |
| 690 | 07|aVegetable crops|2gcpds |
| 690 | 07|aCrops|2gcpds |
| 690 | 07|aVegetables|2gcpds |
| 775 | 08|tProfil de la culture du pois de grande culture au Canada |w(CaOODSP)9.636328 |
| 794 | |tCrop profile for field pea in Canada |w(CaOODSP)9.690839 |
| 856 | 40|ahttp://publications.gc.ca|qPDF|s342 KB|uhttps://publications.gc.ca/collections/collection_2009/agr/A118-10-3-2005E.pdf |